000 01004cam a2200193 4500
001 L159144
008 050513n2009 000 0 eng u
035 _a(Sirsi) u159144
041 _aeng
100 _aLamond, Jessica
245 _aFlooding and property values
_bWhat is the impact of flooding on property values?
260 _aLondon
_bRICS
_c2009
490 0 _aRICS Findings in Built and Rural Environments
520 _aIndicates that flooding has only a temporary impact on property values, and after 3 years prices had returned to their normal market level. While flood events in low risk areas had no impact on property prices, being designated at high risk of flooding also has had no effect on property values in areas with no flood events.
651 4 _aENGLAND AND WALES
690 _aENVIRONMENTAL AND LAND CONSULTANCY-WATER RESOURCE MANAGEMENT-FLOODING
856 _uhttps://www.rics.org/Global/Downloads/Flooding_and_property_values.pdf
_zBroken link - not available
942 _n0
999 _c115701
_d115701